Intruduction to Geography

Wedi'i Gadw mewn:
Manylion Llyfryddiaeth
Prif Awdur: Getis, Arthur
Fformat: Llyfr
Iaith:English
Cyhoeddwyd: McGraw Hill Companies Inc 2008
Pynciau:
Tagiau: Ychwanegu Tag
Dim Tagiau, Byddwch y cyntaf i dagio'r cofnod hwn!
Thư viện lưu trữ: Mạng thư viện Đại học Đà Nẵng
LEADER 00880nam a22002651a 4500
001 000034714
003 10925
005 20151027134503.0
008 151027s2008 000 eng
020 |a 9780073051268 
041 |a eng 
082 |a 420.91  |b GE-A 
100 |a Getis, Arthur 
245 |a Intruduction to Geography  |c Arthur Getis … 
260 |a McGraw Hill Companies Inc  |c 2008 
300 |a 542p. : ill ; 30cm 
650 |a Intruduction to Geography, Geography 
OWN |a LNN 
AVA |a UDN50  |b LNN  |d 420.91 GE-A  |e available  |t Error 5001 Not defined in file expand_doc_bib_avail.  |f 1  |g 0  |h N  |i 0  |k 1 
999 |a From the UDN01 
AVA |a UDN50  |b LNN  |d 420.91 GE-A  |e available  |t Error 5001 Not defined in file expand_doc_bib_avail.  |f 1  |g 0  |h N  |i 0  |k 1 
TYP |a Monograph 
980 |a Mạng thư viện Đại học Đà Nẵng